On the blunt edge : technology in composition's history and pedagogy /

Bibliographic Details
Other Authors: Borrowman, Shane
Format: Book
Language:English
Published: Anderson, S.C. : Parlor Press, 2012.
Subjects:

MARC

Tag First Indicator Second Indicator Subfields
LEADER 00000cam a2200000 a 4500
001 in00002786739
005 20151202171636.0
008 110316s2012 scua b 001 0 eng
010 |a  2011011270 
020 |a 9781602352209 (pbk. : alk. paper) 
020 |a 1602352208 (pbk. : alk. paper) 
020 |a 9781602352216 (alk. paper) 
020 |a 1602352216 (alk. paper) 
020 |a 9781602352223 (adobe ebook) 
020 |a 1602352224 (adobe ebook) 
020 |a 9781602352230 (epub) 
020 |a 1602352232 (epub) 
035 |a (OCoLC)ocn707726505 
035 |a (OCoLC)707726505 
040 |a DLC  |b eng  |c DLC  |d YDX  |d YDXCP  |d BWX  |d CDX  |d OCLCO  |d UtOrBLW 
042 |a pcc 
049 |a TXAM 
050 0 0 |a PE1404  |b .O487 2012 
082 0 0 |a 421/.1028  |2 22 
245 0 0 |a On the blunt edge :  |b technology in composition's history and pedagogy /  |c edited by Shane Borrowman. 
264 1 |a Anderson, S.C. :  |b Parlor Press,  |c 2012. 
300 |a xx, 178 pages :  |b illustrations ;  |c 25 cm. 
336 |a text  |b txt  |2 rdacontent 
337 |a unmediated  |b n  |2 rdamedia 
338 |a volume  |b nc  |2 rdacarrier 
504 |a Includes bibliographical references and index. 
650 0 |a English language  |x Rhetoric  |x Study and teaching (Higher) 
650 0 |a English philology  |x Study and teaching  |x History. 
700 1 |a Borrowman, Shane. 
938 |a YBP Library Services  |b YANK  |n 7393074 
938 |a Blackwell Book Service  |b BBUS  |n 7072827 
938 |a Coutts Information Services  |b COUT  |n 17547326 
947 |a A14836012082 
945 |a PromptCat  |b 115748 
946 |a stk 
994 |a 92  |b TXA 
948 |a Cataloged  |b h  |c 2012/12/6  |d c  |e EGrant  |  f 1:17:49 PM 
999 |a MARS 
999 f f |s e1dee408-fc72-3c34-8fdd-533b7dfb65ae  |i c64744ae-fccf-385f-9945-5ad7f28488e3  |t 0 
952 f f |p ric  |a Texas A&M University  |b Rellis Campus  |c Joint Library Facility  |s JLF  |d Remote Storage  |t 0  |e PE1404 .O487 2012  |h Library of Congress classification  |i unmediated -- volume  |m A14836012082 
998 f f |a PE1404 .O487 2012  |t 0  |l Remote Storage